Online katalóg knižníc regiónu Turca

Kocúrkovo ; [Trasoritka, alebo, Stará láska sa predsa dočkala : fraška] (Record no. 20461)

MARC details
000 -LEADER
fixed length control field 01487nam a2200409 a 4500
001 - CONTROL NUMBER
control field 20461
003 - CONTROL NUMBER IDENTIFIER
control field VRT
005 - DATE AND TIME OF LATEST TRANSACTION
control field 20260122143217.0
008 - FIXED-LENGTH DATA ELEMENTS--GENERAL INFORMATION
fixed length control field 000816q1995 xo g dp 000 d slo c
020 ## - INTERNATIONAL STANDARD BOOK NUMBER
International Standard Book Number 8088834252 (brož.)
035 ## - SYSTEM CONTROL NUMBER
System control number UKB000210393
040 ## - CATALOGING SOURCE
Original cataloging agency BA001
Language of cataloging slo
Transcribing agency BA001
Description conventions AACR2
041 1# - LANGUAGE CODE
Language code of text/sound track or separate title slo
044 ## - COUNTRY OF PUBLISHING/PRODUCING ENTITY CODE
MARC country code xo
ISO country code SK
080 ## - UNIVERSAL DECIMAL CLASSIFICATION NUMBER
Universal Decimal Classification number 821.162.4-22
100 1# - MAIN ENTRY--PERSONAL NAME
Personal name Chalupka, Ján,
Dates associated with a name 1791-1871
243 10 - COLLECTIVE UNIFORM TITLE
Uniform title <a href="Slovenská klasicistická dráma">Slovenská klasicistická dráma</a>
245 00 - TITLE STATEMENT
Title Kocúrkovo ; [Trasoritka, alebo, Stará láska sa predsa dočkala : fraška]
Statement of responsibility, etc. Ján Chalupka
260 ## - PUBLICATION, DISTRIBUTION, ETC.
Place of publication, distribution, etc. Rohovce
Name of publisher, distributor, etc. Interpopulart Slovakia
Date of publication, distribution, etc. [1995]
300 ## - PHYSICAL DESCRIPTION
Extent 94 s
490 1# - SERIES STATEMENT
Series statement Populart. Študentská knižnica
Volume/sequential designation 24
500 ## - GENERAL NOTE
General note Slovenská klasicistická dráma
504 ## - BIBLIOGRAPHY, ETC. NOTE
Bibliography, etc. note Bibliogr. s. 93
521 ## - TARGET AUDIENCE NOTE
Target audience note Učeb. pomôc. ZŠ a SŠ
650 07 - SUBJECT ADDED ENTRY--TOPICAL TERM
Topical term or geographic name entry element literatúra klasicistická slovenská
General subdivision hry divadelné
-- komédie
650 07 - SUBJECT ADDED ENTRY--TOPICAL TERM
Topical term or geographic name entry element hry divadelné klasicistické slovenské
General subdivision komédie
653 ## - INDEX TERM--UNCONTROLLED
Uncontrolled term 821.162.4-22
760 1# - MAIN SERIES ENTRY
Title Populart. Študentská knižnica
777 1# - ISSUED WITH ENTRY
Title Trasoritka, alebo, Stará láska sa predsa dočkala
Main entry heading Chalupka, Ján, 1791-1871
830 #0 - SERIES ADDED ENTRY--UNIFORM TITLE
Uniform title Populart. Študentská knižnica
Volume/sequential designation 24
910 ## - USER-OPTION DATA (OCLC)
User-option data ukb
942 ## - ADDED ENTRY ELEMENTS (KOHA)
Source of classification or shelving scheme Dewey Decimal Classification
Koha item type Krásna literatúra pre dospelých
Suppress in OPAC No
949 ## - LOCAL PROCESSING INFORMATION (OCLC)
6 1800009246
a 30.D.66676
b PV.5667-96
r poškodená
949 ## - LOCAL PROCESSING INFORMATION (OCLC)
6 1800009245
a SL.D.24699
b PV.5668-96
949 ## - LOCAL PROCESSING INFORMATION (OCLC)
6 1800065034
a 30.D.66676
b NA.234-99
o čitateľská strata č.19-2005
s 6705:20101021
949 ## - LOCAL PROCESSING INFORMATION (OCLC)
6 1800273641
a 30.D.66676
b NA.15-2005
Holdings
Stav vyradenia Strata Poškodenie Spôsob nadobudnutia Domovská knižnica Aktuálna knižnica Dátum nadobudnutia Total checkouts Čiarový kód exemplára Date last seen Typ exemplára
      Dar Obecná knižnica Horná Štubňa Obecná knižnica Horná Štubňa 22.01.2026   8088834252 22.01.2026 Krásna literatúra pre dospelých
Projekt je podporený Slovenskou asociáciou knižníc
Prevádzkuje Turčianska knižnica Martin 2026